Ранньомодерна Європа (Запис № 415459)

МАРК-запис
000 -Лідер
fixed length control field 02507nam a22002657a 4500
001 - Контрольний номер
control field 129338
003 - Ідентифікатор контрольного номера
control field UA-OsUOA
005 - Дата та час останнього входження (трансакції)
control field 20211103100921.0
007 - Фіксоване поле фізичного опису
fixed length control field ta
008 - Елементи даних фіксованої довжини – загальна інформація
fixed length control field 20180227b un ||||| |||| 00| 0 ukr d
020 ## - Міжнародний стандартний книжковий номер (ISBN)
Міжнародний стандартний книжковий номер (ISBN) (НП) 9789664820407
040 ## - Джерело каталогізації
Агенція оригінальної каталогізації UA-OsUOA
Мова каталогізації ukr
Агенція, яка здійснювала перезапис UA-OsUOA
Агенція, яка здійснювала модифікацію UA-OsUOA
041 ## - Код мови
Код мови тексту/ звукової доріжки чи окремого заголовка (П) ukr
080 ## - Індекс Універсальної десяткової класифікації
Індекс Універсальної десяткової класифікації (УДК) (НП) 94(4)"15/16"(075.8)
090 ## - Локальний шифр розміщення
Класифікаційний індекс УДК 94(4)"15/16"(075.8)
Авторський знак (НП) Б20
100 ## - Основне введення – ім’я особи
Ім’я особи (НП) Балух В. О.
245 ## - Відомості про назву
Назва (НП) Ранньомодерна Європа
Решта назви (НП) підручник
Дані про відповідальність (НП) В. О. Балух, В. П. Коцур
260 ## - Публікація, розповсюдження і т.п. (Вихідні дані)
Місце публікації, розповсюдження і т.п. (П) Чернівці
Ім’я/ наймення видавництва, розповсюджувача і т.п. (П) Наші книги
Дата публікації, розповсюдження і т.п. (П) 2016
300 ## - Фізичний опис
Обсяг 704 с.
Інші фізичні характеристики (НП) іл.
520 ## - Резюме і т.п.
Резюме, реферат, анотація, тощо (НП) Підручник містить системний виклад історичних подій у європейських країнах епохи раннього модерну, висвітлює провідні тенденції історичного розвитку Західної Європи з кінця XV до середини XVII ст., розкриває особливості економічних відносин у європейських країнах ранньоновочасного періоду, визначає специфіку культурного поступу Європи в епоху Відродження і бароко. Територіальні межі викладеного матеріалу охоплюють Англію, Німеччину, Францію, Швейцарію, Іспанію, Італію, Нідерланди, Скандинавські країни, Австрію, Угорщину, Валаське, Молдавське і Трансильванське князівства. У додатках вміщено хронологічну таблицю, термінологічний словник, основні географічні назви, перелік видатних політичних, військових і культурних діячів ранньоновочасної епохи, предметний, географічний та іменний покажчики, бібліографію. Для студентів вищих навчальних закладів, викладачів шкіл, гімназій, коледжів і ліцеїв, а також для масового читача.<br/>
650 #7 - Додаткове предметне введення – тематичний термін
Тематичний термін чи географічна назва, як елемент введення (НП) 94 Історія
Джерело заголовка чи терміна UDC
942 ## - Додаткові елементи входу (Коха)
Тип елемента Koha Книги
Source of classification or shelving scheme Universal Decimal Classification
955 ## - Код типу видання за змістом
Код типу видання за змістом (НП) Навчальні видання
Фонди
Стан вилучень Стан втрат Джерело класифікації або схеми стелажів Стан уражень Не для кредиту Код колекції Постійне місце розташування Поточне розміщення Дата придбання Джерело придбання Вартість, звичайна ціна покупки Інвентарний номер Повний номер виклику Штрих-код Дата останнього перегляду Ціна ефективна від Тип елемента Koha Примітка, призначена для загального доступу Усього замовленно Вартість, ціна заміни
    Universal Decimal Classification     Колекція Пасічника І.Д. ЧЗ - Читальна зала ЧЗ - Читальна зала 27/02/2018 6/2018 50.00 158080 94(4)"15/16"(075.8) Б20 158080 07/02/2022 27/02/2018 Книги з автографом В. Балуха    
    Universal Decimal Classification     Колекція Руслани Каламаж ЧЗ - Читальна зала ЧЗ - Читальна зала 19/10/2021 №28/13.10.21 50.00   94(4)"15/16"(075.8) Б20 164065 11/02/2022 19/10/2021 Книги з автографом В. Балуха   50.00